Maquillaje /

Libro eminentemente práctico que describe cómo realizar distintos tipos de caracterizaciones (seres antropomórficos, animales, por Halloween y efectos especiales) mediante el maquillaje, indicando los materiales que se requieren en cada caso. Incluye un texto introductorio sobre técnicas generales d...

Descrición completa

Gardado en:
Detalles Bibliográficos
Autor Principal: Martínez Salvanés, María Angeles (autor)
Formato: Libro
Idioma:Lingua castelá
Publicado: Madrid, España : CCS, 2004, c2004
Series:(Teatro y Danza ; 5)
Temas:
Etiquetas: Engadir etiqueta
Sen Etiquetas, Sexa o primeiro en etiquetar este rexistro!

MARC

LEADER 00000nam^a2200000^a^4500
001 000332758
005 20250521000000.0
008 130829 20042004
009 20260310114112.682
020 |a 84-8316-777-8 
037 |a Acervo ITESO - Biblioteca 
041 |a ESP 
082 |a 792. 027  |b MAR 
100 |a Martínez Salvanés, María Angeles  |e (autor) 
245 1 0 |a Maquillaje /  |c M.A. Martínez Salvanés. 
264 4 |a Madrid, España :  |b CCS,  |c 2004, c2004 
300 |a 115 p. 
336 |a texto  |b txt  |2 rdacontenido 
337 |a sin mediación  |b n  |2 rdamedio 
338 |a volumen  |b nc  |2 rdasoporte 
440 1 |a (Teatro y Danza ;  |v 5) 
520 |a Libro eminentemente práctico que describe cómo realizar distintos tipos de caracterizaciones (seres antropomórficos, animales, por Halloween y efectos especiales) mediante el maquillaje, indicando los materiales que se requieren en cada caso. Incluye un texto introductorio sobre técnicas generales de maquillaje. 
649 |a XX 
650 |a Maquillaje -  |x Tema Principal 
650 |a Danza -  |x Técnica 
650 |a Teatro -  |x Técnica 
650 |a Artes Escénicas (Producción) -  |x Tema Principal 
650 |a Artes Escénicas -  |x Técnica 
650 |a Arte -  |x Técnica 
910 |a Fondo General 
920 |a Impresos - Libros 
930 |a Colección General 
905 |a 101 
901 |a 0500222467  |b IT1  |c ACC  |i C137671  |u 20250521 
902 |a https://opac.biblio.iteso.mx/vufind/Record/000332758